Om : (Record no. 55373)

MARC details
000 -LEADER
fixed length control field 00827 a2200229 4500
008 - FIXED-LENGTH DATA ELEMENTS--GENERAL INFORMATION
fixed length control field 100602t xxu||||| |||| 00| 0 eng d
010 ## - LCCN (DPL NO)
LC control number ENG-103403
020 ## - INTERNATIONAL STANDARD BOOK NUMBER
Terms of availability 140.00
International Standard Book Number 9788175415218
035 ## - SYSTEM CONTROL NUMBER
System control number EN-86936
037 ## - SOURCE OF ACQUISITION
Source of stock number/acquisition DBAD / PUB
040 ## - CATALOGING SOURCE
Original cataloging agency DPL
Language of cataloging Eng
082 ## - DEWEY DECIMAL CLASSIFICATION NUMBER
Classification number 230.31
100 ## - MAIN ENTRY--PERSONAL NAME
9 (RLIN) 32320
Personal name Meera Prakash
245 ## - TITLE STATEMENT
Title Om :
Statement of responsibility, etc by Meera Prakash
Remainder of title our cosmic connection /
260 ## - PUBLICATION, DISTRIBUTION, ETC. (IMPRINT)
Place of publication, distribution, etc Delhi
Name of publisher, distributor, etc Shipra Publication
Date of publication, distribution, etc 2011
270 ## - ADDRESS
Address LG 18-19, Pankaj Central Market, I.P.Ext. Patpar Ganj,
City Delhi
Postal code 110092
Telephone number 91-11-22235152, 22236152
300 v# - PHYSICAL DESCRIPTION
Extent 166p.
Dimensions 22cm (pbk )
700 ## - ADDED ENTRY--PERSONAL NAME
9 (RLIN) 32354
710 ## - ADDED ENTRY--CORPORATE NAME
9 (RLIN) 32355
942 ## - ADDED ENTRY ELEMENTS (KOHA)
Institution code [OBSOLETE] dpl
Item type English Books
Source of classification or shelving scheme Dewey Decimal Classification
Call number suffix MEE
Classification part 230.31
Holdings
Withdrawn status Lost status Source of classification or shelving scheme Damaged status Not for loan Collection code Home library Current library Date acquired Source of acquisition Cost, normal purchase price Total Checkouts Full call number Barcode Date last seen Copy number Cost, replacement price Koha item type
    Dewey Decimal Classification   Not For Loan Non-fiction D.B.Act.Division D.B.Act.Division 12/08/2011 DBAD/PUB 140.00   230.31MEE EN-86936 12/08/2011 1 140.00 English Books

© Delhi Public Library
Hit Counter
free hit counter